Ładuje się......

Usha Priyamvada ka katha Sahitya mem nari chetana 2014 /

Opis bibliograficzny
1. autor: Viji, Sl
Format: Ph.D Thesis
Język:Undetermined
Wydane: University of Kerala , 2014.
Hasła przedmiotowe:
LEADER 00471nam a2200133Ia 4500
001 190994
008 170722s9999 xx 000 0 und d
100 |a Viji, Sl 
245 |a Usha Priyamvada ka katha Sahitya mem nari chetana 2014 / 
260 |b University of Kerala ,  |c 2014. 
653 |a Hindi Literature 
942 |c TH 
999 |c 170753  |d 170753 
952 |0 0  |1 0  |4 0  |6 O_15231NUSGY15_Q4_RT  |7 0  |8 RT  |9 236045  |a LIB  |b LIB  |d 2017-08-12  |o O152,31NUS:g(Y15) Q4 (RT)  |p G38558  |r 2017-08-12  |w 2017-08-12  |y TH